| 000 | 00769nam a2200205 i 4500 | ||
|---|---|---|---|
| 001 | 186052 | ||
| 003 | ES-MaACL | ||
| 005 | 20230906222555.0 | ||
| 008 | 160906s1965 sp |||| | spa d | ||
| 245 | 0 | 1 |
_a¿Es posible la unión con el Oriente cristiano? / _ctraducción, revisión, sistematización y publicación... de ISPA. |
| 260 |
_aBarcelona : _bEstela, _c1965. |
||
| 300 |
_a153 p. ; _c23 cm. |
||
| 490 | 1 |
_aColección DO-C ; _v7 |
|
| 610 | 2 | 4 |
_aIglesia Católica- _xRelaciones- _xIglesia Ortodoxa. _9160725 |
| 610 | 2 | 4 |
_aIglesia Ortodoxa- _xRelaciones- _xIglesia Católica. _9160726 |
| 710 | 0 |
_aInstituto de Sociología y Pastoral Aplicadas (Barcelona) _95011 |
|
| 830 | 0 |
_aColección DO-C ; _v7 _9192471 |
|
| 852 |
_aES-MaACL _jE-4741 |
||
| 999 |
_c186052 _d186052 |
||